| 000 | 00504nam a22001937a 4500 | ||
|---|---|---|---|
| 003 | MPLRDC | ||
| 005 | 20220104142451.0 | ||
| 008 | 210129b ||||| |||| 00| 0 eng d | ||
| 020 | _a978-957-803-742-7 | ||
| 082 | _a411.3 XRY | ||
| 100 | _a许瑞云 | ||
| 245 |
_a哈佛医师养生法 _c |
||
| 250 | _a初版18刷 | ||
| 260 |
_a台湾 _b平安文化有限公司 _c2010 |
||
| 300 | _b189 | ||
| 490 | _a平安丛书: 第0336种: 真健康: 3 | ||
| 650 | _a营养与食品 | ||
| 942 |
_cBK _o411.3 XRY |
||
| 999 |
_c31133 _d31123 |
||